00273nam a2200109Ia 4500008004100000082001000041100002000051245002100071260002900092630002100121730002100142100328s9999 xx 000 0 und d b14669 aChristie Agatha aDead Man's Folly bCollins Clear-Type Press aDead Man's Folly aDead Man's Folly